Murder in the dark: Short fictions and prose poems

Uloženo v:
Podrobná bibliografie
Hlavní autor: Atwood, Margaret
Médium: Kniha
Jazyk:Undetermined
Vydáno: Toronto, Canadá Coach House 1983
Témata:
Tagy: Přidat tag
Žádné tagy, Buďte první, kdo vytvoří štítek k tomuto záznamu!

MARC

LEADER 00000nam a2200000Ia 4500
008 170316s9999 xx 000 0 und d
090 |a 818 A-7mu 
100 |a Atwood, Margaret 
245 |a Murder in the dark: Short fictions and prose poems 
260 |a Toronto, Canadá 
260 |b Coach House 
260 |c 1983 
300 |a 62 páginas 
650 |a LITERATURA CANADIENSE 
999 |c 21736  |d 21736 
040 |a cru BVZT 
942 |c 15 D  |h 818 A-7mu  |2 z